LEADER 01033cam0 22002653 450 001 SON0000275 005 20221003082928.0 010 $a8834881753 100 $a20040211d1999 |||||ita|0103 ba 101 $aita 102 $aIT 200 1 $aDanno e reato$erestituzioni e risarcimento nel nuovo processo penale, famiglie di fatto-perdita di chance : proponibilità dell'azione di danno non patrimoniale nelle fattispecie: estinzione del reato per amnistia, morte del reo, difetto di querela, archiviazione, prescrizione$fCarmine Covino 205 $a2 ed 210 $aTorino$cGiappichelli$d1999 215 $a224 p.$d24 cm 700 1$aCovino$b, Carmine$3AF00003303$4070$0268585 801 0$aIT$bUNISOB$c20221003$gRICA 850 $aUNISOB 852 $aUNISOB$j340$m101219 912 $aSON0000275 940 $aM 102 Monografia moderna SBN 941 $aM 957 $a340$b002292$gSI$d101219$racquisto$1carrano$2UNISOB$3UNISOB$420110621122345.0$520110621122416.0$6carrano 996 $aDanno e reato$9678124 997 $aUNISOB LEADER 01630nam2 22003011i 450 001 UON00433235 005 20231205104916.807 100 $a20131119d1971 |0itac50 ba 101 $alat 102 $aBE 105 $a|||| ||||| 200 1 $aRemigii monachi S. Germani Antissiodorensis, Beati Notkeri Balbuli S.Galli monachi, opera omnia$eaccedunt Joannis 9., Benedicti 4., Sergii 3., Anastasii 3. ... epistolae et privilegia ; intermiscentur Fulconis archiepiscopi Rhemensis ... scripta vel scriptorum fragmenta quae exstant$faccurante J. P. Migne 205 $aRist. anast 210 $aTurnholti$cBrepols$dA1971A 215 $a1188 col.$d28 cm 410 1$1001UON00088090$12001 $aPatrologiae cursus completus. Patrologia latina$faccurante J.-P. Migne$v131 461 1$1001UON00177616$12001 $a Patrologiae Cursus Completus$eOmnium SS. Patrum, Doctorum Scriptorumque Ecclesiasticorum sive Latinorum, sive Graecorum$faccurante J.-P. Migne$1210 $aTurnhout$cBrepols. 620 $aBE$dTurnhout$3UONL001236 676 $a189.2$cPatristica$v20 700 0$aREMIGIUS AUTISSIODORENSIS$3UONV139503$0636591 702 1$aMIGNE$bJacques Paul$3UONV061722 712 $aBrepols$3UONV247627$4650 801 $aIT$bSOL$c20250207$gRICA 899 $aSIBA - SISTEMA BIBLIOTECARIO DI ATENEO$2UONSI 912 $aUON00433235 950 $aSIBA - SISTEMA BIBLIOTECARIO DI ATENEO$dSI COLL. FP 054 131 $eSI LO 4117/1 7 996 $aRemigii monachi S. Germani Antissiodorensis, Beati Notkeri Balbuli S.Galli monachi, opera omnia$91185568 997 $aUNIOR